[Event "77th ITA-ch Men 2017"]
[Site "Cosenza"]
[Date "2017.12.05"]
[Round "7"]
[White "Gilevych, Artem"]
[Black "Godena, Michele"]
[Result "0-1"]
[WhiteElo "2422"]
[BlackElo "2499"]
[Annotator "TA"]
[PlyCount "96"]
[EventDate "2017.??.??"]
[EventType "tourn"]
[EventCountry "ITA"]
[SourceTitle "playchess.com"]
[Source "ChessBase"]
[SourceQuality "1"]

{[%evp 9,96,31,13,16,0,8,7,-51,-48,-98,-77,-79,-72,-80,-35,-44,-34,-41,-19,-31,-25,-27,36,38,45,52,43,49,33,39,40,10,10,3,9,7,3,2,23,-8,42,-66,-70,-72,-72,-85,-85,-85,-84,-85,-85,-85,-84,-79,-77,-84,-52,-52,-52,-75,-75,-75,-75,-75,-60,-224,-224,-224,-224,-224,-224,-1609,-1575,-1716,-1698,-1647,-1645,-1470,-1483,-845,-641,-1384,-1319,-1639,-1560,-1526,-1297,-1135,-1082]} 1. d4 d5 2. c4 e6 3. Nc3 Bb4 4. Nf3 dxc4 5. Qa4+ (5. e3 b5 6. a4 c6 7. Bd2 a5 8. axb5 Bxc3 9. Bxc3 cxb5 10. b3 Bb7 11. bxc4 b4 12. Bb2 Nf6 13. Bd3 Nbd7 14. O-O O-O 15. Re1 Ne4 16. c5 Bc6 17. Qc2 f5 18. Bc4 Qe7 19. Bb3 Kh8 20. Red1 Qe8 21. Ba4 Bxa4 22. Rxa4 Ndf6 23. Rda1 {0-1 (35) Kasimdzhanov,R (2705)-Grischuk,A (2810) Tbilisi 2015}) 5... Nc6 {LiveBook: 5 Partien} 6. e3 {D31: Damengambit (Halbslawisch)} Bd7 7. Qc2 b5 8. a4 ({Lieber} 8. a3 $11 Ba5 9. b4 cxb3 10. Qxb3) 8... a6 $15 9. e4 $146 ({Vorgänger:} 9. g3 Nf6 10. Bg2 O-O 11. O-O Bxc3 12. bxc3 Rb8 {0-1 (43) Roettgen,J (2194)-Proschmann,T Bad Wiessee 2001}) 9... Nge7 10. Be2 Na5 11. Be3 c5 12. axb5 axb5 13. O-O cxd4 14. Nxd4 Qb8 15. Bd2 {Weiss will Scxb5 spielen.} Bc5 (15... Qb6 $11) 16. Ncxb5 $14 Bxb5 17. Nxb5 Qxb5 {[#]} 18. Bxc4 $1 {[%mdl 512]} Qb6 {[#] Droht ...0-0 und aus.} (18... Nxc4 19. Rxa8+) 19. b4 $1 {[%mdl 512]} Bxb4 20. Bxb4 Qxb4 21. Rfb1 Qd6 {Weiss muss nun ...0-0 beachten.} 22. Bb5+ $1 Kf8 {...Tc8 ist eine echte Drohung.} 23. Qc3 Qd8 24. h4 f6 {Und ...Kf7 würde nun gewinnen.} 25. Ra4 (25. Rd1 $1 $14 Qb6 26. Qb4) 25... Nb7 $1 $15 {Und weiter mit ...Kf7 wäre nett.} 26. Rxa8 Qxa8 27. Bc6 Qa5 $1 {[%cal Ra5c3]} 28. Qxa5 Nxa5 29. Rb8+ Kf7 30. Rxh8 {[%csl Gh8][%cal Rc6e8]} Naxc6 31. Ra8 h5 32. g3 e5 33. Kg2 Nd4 34. Rb8 Nec6 35. Rb7+ Kg6 36. Rc7 Nd8 37. f4 $2 {[#]} ({Besser ist} 37. Ra7 $15) 37... exf4 $1 $19 38. gxf4 {[#]} f5 $1 {[%cal Rf5e4]} 39. exf5+ Nxf5 40. Kh3 $2 (40. Kf3) 40... Ne6 {Schwarz steht klar auf Gewinn.} 41. Rc4 Nfd4 42. Kg3 Kf5 43. Ra4 Nxf4 44. Ra5+ Ke4 45. Ra4 Nfe6 46. Rb4 Ke3 47. Ra4 Nf5+ 48. Kh2 Kf3 {Precision: Weiß = 49%, Schwarz = 77%.} 0-1

[Event "77th ITA-ch Men 2017"]
[Site "Cosenza"]
[Date "2017.12.05"]
[Round "7"]
[White "Genocchio, Daniele"]
[Black "Brunello, Sabino"]
[Result "0-1"]
[WhiteElo "2403"]
[BlackElo "2553"]
[Annotator "TA"]
[PlyCount "42"]
[EventDate "2017.??.??"]
[EventType "tourn"]
[EventCountry "ITA"]
[SourceTitle "playchess.com"]
[Source "ChessBase"]
[SourceQuality "1"]

{[%evp 10,42,-10,-8,0,-1,0,13,27,33,39,12,44,60,45,55,29,-22,-40,-25,16,-154,-157,-247,-243,-255,-64,-340,-335,-622,-642,-764,-772,-782,-775]} 1. e4 c6 2. d3 d5 3. Nd2 e5 4. Ngf3 Bd6 5. d4 exd4 6. Bd3 {LiveBook: 8 Games. B10: Caro-Kann: 2 d3 and 2 c4} (6. exd5 Nf6 7. Nc4 Bb4+ 8. Bd2 Bxd2+ 9. Qxd2 cxd5 10. Nce5 O-O 11. O-O-O Nc6 12. Nxc6 bxc6 13. Qxd4 Bg4 14. Bd3 {1-0 (38) Carlsen,M (2832)-So,W (2815) chess.com INT 2017}) 6... c5 7. O-O Ne7 8. exd5 {The position is equal.} O-O $146 ({Predecessor:} 8... Nxd5 9. c3 dxc3 10. Ne4 Be7 11. Bb5+ Bd7 12. Bxd7+ Qxd7 13. Re1 Nf6 14. Nxf6+ gxf6 {½-½ (59) Relyea,A (1622)-Khokhlov,I (2328) ICCF email 2012}) 9. c4 dxc3 10. Ne4 Nxd5 11. Bc4 $1 Be6 $1 12. Nfg5 {[#] Strongly threatening Qd3.} Be7 {White must now prevent ...cxb2.} 13. Qh5 ({Of course not} 13. Nxc3 Bxg5 14. Bxd5 Nc6 $15) (13. Nxe6 $142 fxe6 14. Nxc3 (14. bxc3 Nc6 $11)) 13... Bxg5 $1 $11 14. Bxg5 Nf4 15. Bxf4 $2 ({White must play} 15. Qf3 $11 Qd4 16. Bxe6 Nxe6 17. bxc3) 15... Bxc4 $17 16. Rfd1 (16. Rfe1 $17 cxb2 17. Rab1) 16... cxb2 $19 17. Rab1 {[#]} Nd7 $2 (17... Bd3 $1 $19 {[%cal Rd3b1]} 18. Be5 Nc6 19. Bxb2 Re8 20. Nxc5 (20. Qg4 $2 Ne5 $19) 20... Bxb1 21. Rxd8 Raxd8) 18. Be5 $2 {[%mdl 8192]} (18. Qf3 $15) 18... Re8 19. Rxd7 $2 (19. f4 Qe7 20. Nd6) 19... Qxd7 {Black is clearly winning.} 20. Nf6+ gxf6 21. Bxf6 Qd3 {Precision: White = 27%, Black = 24%.} 0-1

[Event "77th ITA-ch Men 2017"]
[Site "Cosenza"]
[Date "2017.12.07"]
[Round "8"]
[White "David, Alberto"]
[Black "Gilevych, Artem"]
[Result "1/2-1/2"]
[WhiteElo "2571"]
[BlackElo "2422"]
[Annotator "TA"]
[PlyCount "111"]
[EventDate "2017.??.??"]
[EventType "tourn"]
[EventCountry "ITA"]
[SourceTitle "playchess.com"]
[Source "ChessBase"]
[SourceQuality "1"]

{[%evp 10,111,17,-2,6,0,0,6,11,0,0,-2,0,0,22,16,0,-16,-14,-20,-25,-28,-24,-68,-71,-82,-49,-35,-39,-47,0,-36,31,29,29,33,34,46,89,67,57,81,86,35,35,6,34,34,34,34,33,31,70,70,70,71,193,51,120,7,73,62,108,124,63,13,13,13,20,17,14,17,24,14,20,28,29,28,20,0,0,0,0,0,0,0,0,0,0,0,0,0,0,0,0,0,0,0,0,0,0,0,0,0]} 1. Nf3 d5 2. g3 Bg4 3. Bg2 Nd7 4. O-O e6 5. d3 Ngf6 6. Qe1 {LiveBook: 8 Games. A07: Réti Opening: New York and Capablanca Systems} (6. h3 Bh5 7. Qe1 Bd6 8. e4 Bxf3 9. Bxf3 O-O 10. Bg2 c6 11. f4 e5 12. Nc3 Re8 13. f5 {½-½ (72) Fressinet,L (2700)-Wang,H (2717) Huaian 2016}) 6... Be7 7. e4 O-O 8. h3 Bh5 9. Nfd2 dxe4 10. dxe4 e5 11. Nc4 Ne8 12. a4 $146 ({Predecessor:} 12. Kh1 c6 13. Nbd2 {½-½ (72) Kozul,Z (2569)-Zaja,I (2476) Solin/Split 2001}) 12... f6 13. Nba3 Nc5 14. Be3 Nxa4 15. f4 exf4 16. Rxf4 Nb6 17. Na5 Nd6 18. c4 {[#]} c5 $1 {[%mdl 512]} 19. Bxc5 Rc8 20. b4 Na4 (20... Nd7 $1 $15 21. e5 Nxe5) 21. e5 $14 Nxc5 22. bxc5 Nf7 23. Nxb7 Bxc5+ 24. Nxc5 Rxc5 25. exf6 gxf6 26. Qf2 (26. Nc2 $16) 26... Ra5 $1 27. Rxf6 {And now Bd5 would win.} Qd3 28. g4 Bg6 29. Rf3 {[%cal Bf6f3,Bf3g3,Bg3e3][%mdl 32]} Qd6 30. Qe3 $36 {[%mdl 2048] White has good play.} Rb8 31. Raf1 {Nb5 is the strong threat.} Ne5 32. Rg3 a6 (32... Qb6 $16) 33. Qf4 ({White must play} 33. Bd5+ $1 $18 Rxd5 34. cxd5) 33... Kg7 {[#]} (33... Re8 $14) 34. g5 ({White should play} 34. Rc3 $1 $16) 34... Re8 (34... Rf8 $11 35. Qxf8+ Qxf8 36. Rxf8 Kxf8) 35. Re3 h5 36. gxh6+ Kh7 37. Qf6 Qxf6 38. Rxf6 Ng4 39. Rxe8 Nxf6 40. Re6 Nh5 {Strongly threatening ...Nf4.} 41. Re3 Nf4 {Threatens to win with ...Rg5.} 42. Bf1 Kxh6 43. Kf2 Kg5 44. Rg3+ {The position is equal.} Kf6 45. Rf3 Ke5 46. Kg3 Nh5+ 47. Kf2 Be4 48. Rb3 Kd4 49. c5 Kxc5 50. Ke3 Bd5 51. Rc3+ Kb4 52. Kd4 {White threatens Nc2+ and mate.} Rxa3 53. Rxa3 Kxa3 54. Kxd5 Nf4+ 55. Ke4 Nxh3 56. Bxa6 {Precision: White = 59%, Black = 57%.} 1/2-1/2

[Event "77th ITA-ch Men 2017"]
[Site "Cosenza"]
[Date "2017.12.07"]
[Round "8"]
[White "Brunello, Sabino"]
[Black "Moroni, Luca Jr"]
[Result "0-1"]
[WhiteElo "2553"]
[BlackElo "2530"]
[Annotator "TA"]
[PlyCount "72"]
[EventDate "2017.??.??"]
[EventType "tourn"]
[EventCountry "ITA"]
[SourceTitle "playchess.com"]
[Source "ChessBase"]
[SourceQuality "1"]

{[%evp 17,72,0,0,-12,-12,-25,-11,-22,-16,-16,0,-4,0,5,2,0,0,-11,2,-8,-2,-16,-8,-45,-48,-37,-46,-72,-75,-94,-84,-131,-138,-162,-142,-186,-185,-217,-231,-225,-222,-226,-225,-247,-239,-239,-230,-324,-261,-381,-289,-503,-486,-558,-558,-579,-456]} 1. e4 e5 2. Nf3 Nc6 3. g3 g6 4. Bg2 Bg7 5. O-O Nge7 6. d3 O-O 7. c3 d5 8. Nbd2 h6 9. Re1 {A07: Réti Opening: New York and Capablanca Systems} Re8 {LiveBook: 8 Games} (9... a5 10. a4 Be6 11. exd5 Bxd5 12. Nf1 Qd7 13. Ne3 Be6 14. Nc4 f6 15. Na3 Rad8 16. d4 exd4 17. Nxd4 Nxd4 18. Qxd4 Nd5 19. c4 Nb4 20. Qxd7 Bxd7 21. Bxb7 {0-1 (58) Amin,B (2662)-Najer,E (2679) Doha 2016}) 10. b4 d4 11. cxd4 {The position is equal.} Nxd4 12. Nb3 $146 ({Predecessor:} 12. a4 Bg4 13. Bb2 Nec6 14. b5 Nxf3+ 15. Bxf3 Bxf3 16. Nxf3 Nd4 17. Bxd4 exd4 {½-½ (52) Krutti,V (2350)-Lehmann,H (2295) Budapest 1993}) 12... Nxf3+ 13. Bxf3 Nc6 14. b5 Nd4 15. Nxd4 Qxd4 16. Be3 Qd6 17. Rc1 Bd7 18. Qb3 Rec8 19. Be2 a6 20. a4 axb5 21. axb5 Ra5 22. Rc5 {[#]} b6 $1 {[%cal Rb6c5]} 23. Rd5 {[#]} Qe7 $1 24. Bd2 Ra7 25. Bb4 Qe8 26. d4 exd4 27. Bc4 Be6 28. Qd3 Ra4 (28... Bxd5 29. exd5 Qd7 30. Re7 $15) 29. Bd2 Rca8 ({Don't take} 29... Bxd5 30. Bxd5 Rd8 31. Bb3 $17) 30. Kg2 Kh7 ({But not} 30... Bxd5 31. Bxd5 Ra3 32. Qc4) 31. h4 h5 32. Bf4 (32. Qf1 $142) 32... Qe7 ({Don't play} 32... Bxd5 33. Bxd5 Ra3 34. Qf1 $19) 33. Rc1 (33. Qf1 $142) 33... Ra3 $19 34. Qd2 $2 (34. Qe2) 34... Rc3 {Black is clearly winning.} 35. Rxc3 dxc3 36. Qe2 Ra4 {Precision: White = 37%, Black = 81%.} 0-1

[Event "77th ITA-ch Men 2017"]
[Site "Cosenza"]
[Date "2017.12.07"]
[Round "8"]
[White "Valsecchi, Alessio"]
[Black "Garcia Palermo, Carlos"]
[Result "1-0"]
[WhiteElo "2501"]
[BlackElo "2440"]
[Annotator "TA"]
[PlyCount "65"]
[EventDate "2017.??.??"]
[EventType "tourn"]
[EventCountry "ITA"]
[SourceTitle "playchess.com"]
[Source "ChessBase"]
[SourceQuality "1"]

{[%evp 14,65,23,23,74,61,70,70,49,70,77,70,60,30,83,31,93,98,91,82,123,119,118,111,93,103,114,114,105,111,226,219,177,93,93,93,99,34,179,172,170,115,154,150,150,131,161,157,180,172,492,481,345,345]} 1. d4 Nf6 2. c4 e6 3. Nf3 b6 4. g3 Bb7 5. Bg2 Be7 6. O-O O-O 7. Re1 Qc8 8. Bg5 {LiveBook: 37 Partien. E17: Damenindisch (Hauptfortsetzung)} Bb4 (8... d6 $11) (8... h6 9. Bxf6 Bxf6 10. Nc3 d6 11. Rc1 c5 12. d5 Bxc3 13. Rxc3 e5 14. Nh4 Qd8 15. Bh3 Nd7 {½-½ (53) Sargissian,G (2670)-L'Ami,E (2605) Douglas 2016}) 9. Bxf6 $16 {Und weiter mit Lg5 wäre nett.} Bxe1 $146 ({Vorgänger:} 9... gxf6 10. Rf1 Be7 11. Nc3 f5 12. d5 Na6 13. e4 fxe4 14. Nxe4 Nc5 15. Nxc5 bxc5 {1-0 (42) Grabarczyk,M (2445)-Herbold,M (2143) Bayerisch Eisenstein 2016}) 10. Be7 $1 {[%cal Re7f8] Weiß steht etwas besser.} Ba5 {Schwarz will ...Te8 spielen.} 11. Bxf8 Qxf8 12. a3 {Und Dc2 würde nun gewinnen.} c5 $1 13. Qc2 f5 (13... Nc6 $11) 14. d5 (14. Nbd2 $16) 14... Na6 (14... exd5 $14 15. Nfd2 d6) 15. Nfd2 Bxd2 16. Qxd2 d6 17. dxe6 Bxg2 18. Kxg2 Nc7 19. Nc3 {[#] e7! ist eine echte Drohung.} Re8 20. a4 Rxe6 21. a5 h5 (21... bxa5 $16 {kämpft weiter.} 22. Rxa5 Qb8) 22. axb6 $18 axb6 23. Nd5 (23. Qf4 $18) 23... Nxd5 $16 24. Qxd5 {[%mdl 4096] Endspiel KDT-KDT} Qf6 25. Ra6 (25. Ra8+ $16 Kf7 26. Qf3) 25... Kh7 (25... Qe5 $14) 26. Rxb6 $18 h4 27. Qf3 ({Lieber} 27. e3 $18) 27... Qg5 28. e3 Rh6 29. Rb8 h3+ 30. Kf1 Re6 31. Rf8 Kg6 $2 {[#]} (31... Rf6 {ist zäher.} 32. Rd8 Re6) 32. Qd5 Rf6 33. f4 {Precision: Weiß = 62%, Schwarz = 33%.} 1-0

[Event "77th ITA-ch Men 2017"]
[Site "Cosenza"]
[Date "2017.12.07"]
[Round "8"]
[White "Godena, Michele"]
[Black "Genocchio, Daniele"]
[Result "1/2-1/2"]
[WhiteElo "2499"]
[BlackElo "2403"]
[Annotator "TA"]
[PlyCount "61"]
[EventDate "2017.??.??"]
[EventType "tourn"]
[EventCountry "ITA"]
[SourceTitle "playchess.com"]
[Source "ChessBase"]
[SourceQuality "1"]

{[%evp 11,61,11,16,14,33,0,33,23,46,33,29,31,31,19,32,52,76,76,78,92,83,45,58,59,87,92,89,79,133,136,128,60,65,25,43,10,19,3,3,3,10,0,0,0,11,0,0,-41,-28,-41,-46,-47]} 1. e4 d6 2. d4 Nf6 3. Nc3 g6 4. Nf3 Bg7 5. Bf4 O-O 6. Be2 Nc6 {LiveBook: 3 Games. B08: Pirc Defence: Classical System} (6... c5 7. dxc5 dxc5 8. e5 Nh5 9. Be3 Nc6 10. O-O Qxd1 11. Raxd1 Nxe5 12. Nd5 Bg4 13. Bxc5 Nc6 14. Bb5 Bxf3 15. gxf3 Bxb2 {1-0 (35) Naroditsky,D (2647)-Chiku Ratte,O (2332) Rockville 2017}) 7. O-O Bg4 8. Re1 Re8 {The position is equal.} 9. d5 {[%cal Bd4d5,Bd5c6][%mdl 32]} e5 $146 ({Predecessor:} 9... Bxf3 10. Bxf3 Ne5 11. Be2 c6 12. Be3 cxd5 13. exd5 Rc8 14. Bd4 {½-½ (41) Heinrich,O (1969)-Hans,P (2030) GER email 2010}) 10. dxc6 exf4 11. cxb7 Rb8 12. e5 Nd7 13. exd6 Bxc3 14. bxc3 {Black must now prevent Qc1.} Rxb7 15. h3 $36 {[%mdl 2048] Black is under strong pressure.} Be6 16. Qd4 cxd6 17. Qxf4 d5 18. Nd4 Qf6 19. Qd6 Nb6 (19... Qe7 $142 20. Qg3 Rb6) 20. Bb5 $16 Rd8 21. Qc5 ({Inferior is} 21. Rxe6 Rxd6 22. Rxf6 Rxf6 $17) ({White should play} 21. Qc6 $16 Re7 22. Re3) 21... Bd7 $14 22. Bxd7 Rbxd7 23. Re2 Kg7 24. Rae1 Rc8 25. Qa3 Nc4 26. Qb4 Nd6 27. Re3 Ne4 28. Rf3 Qa6 29. Nb3 Rc4 {[%mdl 1024] Black has compensation.} 30. Qb8 Qd6 31. Qxd6 {Precision: White = 45%, Black = 58%.} 1/2-1/2

[Event "77th ITA-ch Men 2017"]
[Site "Cosenza"]
[Date "2017.12.07"]
[Round "8"]
[White "Sonis, Francesco"]
[Black "Stella, Andrea"]
[Result "0-1"]
[WhiteElo "2420"]
[BlackElo "2505"]
[Annotator "TA"]
[PlyCount "64"]
[EventDate "2017.??.??"]
[EventType "tourn"]
[EventCountry "ITA"]
[SourceTitle "playchess.com"]
[Source "ChessBase"]
[SourceQuality "1"]

{[%evp 23,64,16,25,14,20,-72,-59,-75,-52,-75,-72,-65,-41,-37,-54,-96,-88,-375,-361,-361,-361,-361,-363,-370,-371,-372,-350,-366,-368,-546,-411,-505,-505,-493,-444,-1303,-1282,-1241,-820,-813,-770,-1615,-1605]} 1. e4 c5 2. Nf3 Nc6 3. d4 cxd4 4. Nxd4 Nf6 5. Nc3 d6 6. Bc4 e6 7. Bb3 Be7 8. Be3 O-O 9. Qe2 Bd7 10. O-O-O Qb8 11. Rhg1 {B89: Sicilian: Velimirovic Attack} Nxd4 12. Bxd4 b5 {[%cal Bb7b5,Bb5b4][%mdl 32] LiveBook: 4 Games} 13. g4 $1 {White has an edge.} b4 14. e5 {[#]} (14. g5 $11 {remains equal.} Ne8 15. Nb1) 14... Ne8 $146 ({Predecessor:} 14... bxc3 15. exf6 Bxf6 16. Bxf6 gxf6 17. g5 Kh8 18. gxf6 d5 19. Qe3 cxb2+ 20. Kb1 Rg8 21. Rg7 Rxg7 22. fxg7+ Kg8 23. c4 Qxh2 24. cxd5 {½-½ (24) Sadilek,M (2130)-Danner,G (2432) Hartberg 2004}) 15. Ne4 Bb5 16. Qe3 dxe5 17. Bc5 Bxc5 18. Qxc5 a5 $36 {[%cal Ba7a5,Ba5a4][%mdl 2080] Black has the initiative.} 19. g5 a4 20. Nf6+ $2 {[%mdl 8192]} (20. Bc4 $17 Bxc4 21. Qxc4) 20... Nxf6 $19 21. gxf6 {[#]} g6 $1 ({Resist} 21... axb3 22. Rxg7+ Kh8 23. Qxb4 $19) 22. Qe3 {White wants to mate with Qh6.} Rd8 ({Not} 22... axb3 23. Qh6 bxc2 24. Qg7#) 23. Rxd8+ Qxd8 24. Bxe6 fxe6 25. Qxe5 Qd5 26. Qe3 (26. Qxd5 {was called for.} exd5 27. Rg4) 26... Rf8 27. Qh6 {[%csl Gf6][%cal Rh6g7]} Rxf6 {Black is clearly winning.} 28. Rd1 Qc5 29. Qh4 (29. Rd8+ $142 Rf8 30. Rxf8+ Qxf8 31. Qxf8+ Kxf8 32. Kd2) 29... Rxf2 {[%csl Gf2][%cal Rc5c2]} 30. Qe4 Re2 31. Rd8+ Kg7 {( -> ...Qg5+)} 32. Rd7+ Bxd7 {Precision: White = 25%, Black = 71%.} 0-1

[Event "77th ITA-ch Men 2017"]
[Site "Cosenza"]
[Date "2017.12.09"]
[Round "9"]
[White "David, Alberto"]
[Black "Moroni, Luca Jr"]
[Result "1/2-1/2"]
[WhiteElo "2571"]
[BlackElo "2530"]
[Annotator "TA"]
[PlyCount "83"]
[EventDate "2017.??.??"]
[EventType "tourn"]
[EventCountry "ITA"]
[SourceTitle "playchess.com"]
[Source "ChessBase"]
[SourceQuality "1"]

{[%evp 21,83,21,37,21,21,23,23,31,31,29,29,29,21,25,28,42,29,31,39,-21,-21,-14,-22,-47,-15,-29,-16,-30,0,-12,0,0,0,0,126,128,187,105,223,216,310,308,308,314,312,300,285,291,305,57,54,36,31,38,39,40,33,3,3,3,4,4,4,4]} 1. e4 e5 2. Nf3 Nc6 3. Bb5 a6 4. Ba4 Nf6 5. O-O b5 6. Bb3 Bc5 7. a4 Rb8 {C78: Ruy Lopez: Archangelsk and Möller Defences} 8. Nxe5 Nxe5 9. d4 Bxd4 10. Qxd4 d6 11. Bf4 O-O {LiveBook: 6 Games} 12. f3 c5 13. Qd2 c4 14. Ba2 Be6 15. Nc3 {[#]} b4 $146 16. Ne2 b3 17. Bb1 bxc2 18. Bxc2 Ng6 19. Be3 d5 20. e5 (20. f4 $14) 20... Nxe5 $11 21. Nd4 Rb7 22. Rfe1 Bd7 23. Rad1 Re8 24. Bf2 a5 25. Qc3 Ng6 26. Rxe8+ Bxe8 27. Nf5 Bd7 {[#]} (27... Nf4 $11 28. Re1 Ne6) 28. Rxd5 $1 $16 {[%mdl 512]} Rb4 (28... Nf4 $16 29. Rd2 (29. Qxa5 Qxa5 30. Rxa5 Rxb2 $14) 29... Qc7) (28... Nxd5 29. Qxg7#) 29. Rd2 (29. Rd6 $18) 29... Qe8 (29... Qc7 $16 {was worth a try.}) 30. Nd6 $18 Qe6 (30... Qe7 {keeps fighting.} 31. Nxc4 Nf4) 31. Bf5 Qe7 32. Bxd7 Qxd7 33. Nxc4 Qc8 34. b3 ({Stronger than} 34. Nxa5 Qxc3 35. bxc3 Rb1+ 36. Be1 Rxe1+ 37. Kf2 Ra1 $17) 34... Nf4 35. Qe3 $2 {[#]} ({Better is} 35. Qc2 $18 Rb8 36. Nxa5 Qxc2 37. Rxc2) 35... N6d5 $14 36. Qc5 Qxc5 $1 37. Bxc5 Rxb3 38. g3 Nd3 39. Nxa5 Rb1+ $1 {The position is equal.} 40. Kg2 Rb2 $1 {[%cal Rb2d2]} 41. Rxb2 Nxb2 42. Bd4 {Precision: White = 49%, Black = 55%.} 1/2-1/2

[Event "77th ITA-ch Men 2017"]
[Site "Cosenza"]
[Date "2017.12.09"]
[Round "9"]
[White "Brunello, Sabino"]
[Black "Garcia Palermo, Carlos"]
[Result "1/2-1/2"]
[WhiteElo "2553"]
[BlackElo "2440"]
[Annotator "TA"]
[PlyCount "119"]
[EventDate "2017.??.??"]
[EventType "tourn"]
[EventCountry "ITA"]
[SourceTitle "playchess.com"]
[Source "ChessBase"]
[SourceQuality "1"]

{[%evp 19,119,25,22,18,21,14,29,18,24,23,41,33,36,0,0,0,0,0,0,0,0,0,0,16,0,-8,-3,0,0,0,-7,-2,0,0,0,0,0,-29,-29,-34,-27,-28,0,0,0,0,0,0,0,0,29,15,16,15,15,0,0,-8,0,0,0,0,0,0,0,0,0,0,0,0,8,8,42,42,42,42,42,42,42,42,42,42,42,42,42,42,42,42,42,0,42,42,42,12,12,12,12,12,12,12,12,12]} 1. d4 Nf6 2. c4 e6 3. Nf3 Bb4+ 4. Bd2 Qe7 5. g3 Bxd2+ 6. Qxd2 Nc6 {E11: Damenindisch (Bogoljubow-Variante)} 7. Nc3 d5 8. cxd5 exd5 9. Bg2 O-O 10. O-O Bg4 {LiveBook: 14 Partien} 11. Qf4 Rfe8 12. h3 Bxf3 13. Bxf3 Rad8 {[#]} 14. e3 $146 ({Vorgänger:} 14. Rfd1) 14... Nb4 15. Be2 c5 16. Rad1 c4 $1 17. a3 Nc6 18. Bf3 a6 19. g4 {[%cal Bg3g4,Bg4g5][%mdl 32]} b5 20. g5 Ne4 21. Bxe4 dxe4 22. f3 exf3 23. Rxf3 b4 24. axb4 Nxb4 25. Rdf1 Nd5 26. Nxd5 Rxd5 27. h4 {[%cal Rf4f7]} Rd7 28. h5 Rd5 29. Rg3 g6 30. hxg6 hxg6 (30... fxg6 {with more complications.} 31. Qf6 Qc7 32. Rh3 Rd6 33. Qf4 Qe7) 31. Qh4 Qe4 32. Qxe4 Rxe4 $11 {[%mdl 4096] Endspiel KTT-KTT} 33. Rc1 Rb5 34. Kf2 Rb4 35. Kf3 Rh4 36. Rg2 Kf8 37. Ra1 Rb3 38. Rxa6 Rh3+ 39. Rg3 Rxg3+ 40. Kxg3 Rxe3+ {KT-KT} 41. Kf4 Re2 42. Rc6 Ke7 43. Rxc4 Rxb2 44. Ke5 Rg2 45. Rc7+ Kd8 46. Kd6 Rxg5 47. Ra7 {[%cal Ra7a8] [#]} Kc8 48. Kc6 {[%cal Ra7a8]} Kb8 $1 {[%cal Rb8a7]} 49. Rxf7 Rf5 50. Rg7 Rf6+ 51. Kd7 {zielt auf d5 ab.} g5 52. Rxg5 {[#] Droht stark Tb5+.} Rf7+ $1 53. Kd6 Rf6+ 54. Kd7 (54. Kc5 {is interesting.} Kc8 55. Rg7 Ra6 56. Rf7 Rh6 57. d5) 54... Rf7+ $1 55. Ke6 Rh7 56. Rc5 {Mit der Idee d5.} Rh6+ {Die Stellung ist ausgeglichen.} 57. Kd7 {Und Tb5+ würde nun gewinnen.} Rh7+ $1 58. Kd6 {Droht Te5 und aus.} Rh6+ 59. Kd5 Kb7 60. Ke4 {Precision: Weiß = 68%, Schwarz = 81%.} 1/2-1/2

[Event "77th ITA-ch Men 2017"]
[Site "Cosenza"]
[Date "2017.12.09"]
[Round "9"]
[White "Godena, Michele"]
[Black "Stella, Andrea"]
[Result "1/2-1/2"]
[WhiteElo "2499"]
[BlackElo "2505"]
[Annotator "TA"]
[PlyCount "51"]
[EventDate "2017.??.??"]
[EventType "tourn"]
[EventCountry "ITA"]
[SourceTitle "playchess.com"]
[Source "ChessBase"]
[SourceQuality "1"]

{[%evp 22,51,0,0,0,0,13,0,0,0,0,0,13,-10,-4,-8,-2,-11,0,0,1,0,0,0,0,0,0,0,0,0,0,0]} 1. e4 {[%cal Be2e4,Be4e5][%mdl 32]} c5 2. c3 Nf6 3. e5 Nd5 4. Bc4 Nb6 5. Bb3 d5 6. exd6 Qxd6 7. Nf3 Nc6 8. Na3 a6 9. O-O Bf5 10. d4 cxd4 11. Nxd4 Nxd4 12. cxd4 {The position is equal.} e6 {B22: Sicilian: 2 c3} 13. Qf3 Qc6 (13... Qd7 14. d5 Nxd5 15. Rd1 Bxa3 16. bxa3 O-O 17. h4 Rac8 18. Bxd5 exd5 19. Rxd5 Qe8 20. Rxf5 {½-½ (30) Howell,D (2644)-Vidit,S (2686) Douglas 2016}) 14. Qg3 Bxa3 15. bxa3 {[#] Hoping for Bb2.} O-O 16. h4 $146 ({Predecessor:} 16. Bh6 Bg6 17. Rac1 Qe4 18. Rfe1 Qxd4 19. Rcd1 Qc5 20. Be3 {½-½ (49) Simonenko,S (2459)-Kazoks,A (2399) ICCF email 2008}) 16... h5 17. Bb2 {Threatens to win with d5.} Nd5 18. Rac1 Qd7 19. a4 Rac8 20. a5 Rxc1 21. Rxc1 Qb5 22. Ba3 Rd8 23. Rc5 Qd3 24. Qxd3 Bxd3 25. Bxd5 Rxd5 26. Rxd5 {Precision: White = 53%, Black = 72%.} 1/2-1/2